[Event "Deutsche Ländermeisterschaft 2023"]
[Site "Hannover GER"]
[Date "2023.10.01"]
[Round "1"]
[White "Müller, Riyanna"]
[Black "Wartenberg, Alissa"]
[Result "0-1"]
[Termination "normal"]
[Board "3.6"]
[WhiteElo "1778"]
[BlackElo "1690"]
[WhiteClock "00:05:51"]
[BlackClock "00:12:23"]
[WhiteTeam "Rheinland-Pfalz"]
[BlackTeam "Hamburg"]
[PlyCount "118"]
[WhiteFideId "16287401"]
[BlackFideId "16280741"]
[EventCountry "GER"]
[EventRounds "7"]
[EventType "team-swiss"]
[EventDate "2023.09.30"]

1. e4 {[%clk 01:30:57]} {[%emt 00:00:02]} c5 {[%clk 01:30:52]} {[%emt
00:00:09]} 2. c3 {[%clk 01:31:20]} {[%emt 00:00:07]} d5 {[%clk 01:31:09]}
{[%emt 00:00:13]} 3. exd5 {[%clk 01:31:36]} {[%emt 00:00:15]} Qxd5 {[%clk
01:31:32]} {[%emt 00:00:06]} 4. d4 {[%clk 01:32:00]} {[%emt 00:00:06]} Nf6
{[%clk 01:31:45]} {[%emt 00:00:17]} 5. Nf3 {[%clk 01:32:08]} {[%emt 00:00:21]}
e6 {[%clk 01:31:28]} {[%emt 00:00:47]} 6. Be3 {[%clk 01:32:04]} {[%emt
00:00:34]} cxd4 {[%clk 01:22:28]} {[%emt 00:09:30]} 7. cxd4 {[%clk 01:32:17]}
{[%emt 00:00:17]} Bb4+ {[%clk 01:21:54]} {[%emt 00:01:04]} 8. Nc3 {[%clk
01:31:13]} {[%emt 00:01:34]} Qa5 {[%clk 01:20:15]} {[%emt 00:02:09]} 9. Qc2
{[%clk 01:14:45]} {[%emt 00:16:58]} Nc6 {[%clk 01:13:11]} {[%emt 00:07:34]} 10.
Bd3 {[%clk 01:13:49]} {[%emt 00:01:25]} Nd5 {[%clk 01:09:26]} {[%emt 00:04:15]}
11. Bd2 {[%clk 01:02:54]} {[%emt 00:11:26]} Qb6 {[%clk 00:53:35]} {[%emt
00:16:22]} 12. O-O {[%clk 01:01:23]} {[%emt 00:02:00]} Bd7 {[%clk 00:41:06]}
{[%emt 00:12:59]} 13. Rfe1 {[%clk 00:54:08]} {[%emt 00:07:44]} Nxd4 {[%clk
00:19:19]} {[%emt 00:22:17]} 14. Nxd4 {[%clk 00:54:06]} {[%emt 00:00:32]} Qxd4
{[%clk 00:19:23]} {[%emt 00:00:26]} 15. Nxd5 {[%clk 00:52:51]} {[%emt
00:01:45]} Bxd2 {[%clk 00:19:01]} {[%emt 00:00:52]} 16. Nc7+ {[%clk 00:52:39]}
{[%emt 00:00:42]} Ke7 {[%clk 00:16:37]} {[%emt 00:02:54]} 17. Qxd2 {[%clk
00:50:10]} {[%emt 00:03:00]} Rac8 {[%clk 00:16:33]} {[%emt 00:00:34]} 18. Qg5+
{[%clk 00:43:56]} {[%emt 00:06:43]} Kf8 {[%clk 00:14:39]} {[%emt 00:02:25]} 19.
Qg3 {[%clk 00:43:53]} {[%emt 00:00:32]} a6 {[%clk 00:09:38]} {[%emt 00:05:31]}
20. Nxa6 {[%clk 00:33:07]} {[%emt 00:11:16]} bxa6 {[%clk 00:09:45]} {[%emt
00:00:23]} 21. Bxa6 {[%clk 00:33:28]} {[%emt 00:00:09]} Rd8 {[%clk 00:09:17]}
{[%emt 00:00:58]} 22. Qa3+ {[%clk 00:27:25]} {[%emt 00:06:33]} Ke8 {[%clk
00:08:54]} {[%emt 00:00:53]} 23. Rad1 {[%clk 00:27:28]} {[%emt 00:00:26]} Qg4
{[%clk 00:06:01]} {[%emt 00:03:23]} 24. Qd6 {[%clk 00:26:54]} {[%emt 00:01:03]}
Qg5 {[%clk 00:04:59]} {[%emt 00:01:32]} 25. Qb6 {[%clk 00:18:32]} {[%emt
00:08:50]} Ke7 {[%clk 00:02:54]} {[%emt 00:02:58]} 26. Re3 {[%clk 00:16:53]}
{[%emt 00:02:08]} Bc6 {[%clk 00:00:53]} {[%emt 00:02:31]} 27. Qc7+ {[%clk
00:14:27]} {[%emt 00:02:55]} Kf6 {[%clk 00:01:12]} {[%emt 00:00:11]} 28. Qxc6
{[%clk 00:12:41]} {[%emt 00:02:18]} Rxd1+ {[%clk 00:01:36]} {[%emt 00:00:06]}
29. Bf1 {[%clk 00:13:05]} {[%emt 00:00:06]} Qd5 {[%clk 00:00:53]} {[%emt
00:01:13]} 30. Qc3+ {[%clk 00:12:14]} {[%emt 00:01:09]} e5 {[%clk 00:00:39]}
{[%emt 00:00:56]} 31. a4 {[%clk 00:11:02]} {[%emt 00:01:42]} Rd8 {[%clk
00:00:39]} {[%emt 00:00:30]} 32. b4 {[%clk 00:10:42]} {[%emt 00:00:49]} Qd4
{[%clk 00:00:55]} {[%emt 00:00:14]} 33. Rf3+ {[%clk 00:10:07]} {[%emt
00:01:05]} Ke7 {[%clk 00:00:56]} {[%emt 00:00:29]} 34. Qb3 {[%clk 00:09:24]}
{[%emt 00:01:13]} f6 {[%clk 00:01:20]} {[%emt 00:00:06]} 35. b5 {[%clk
00:09:07]} {[%emt 00:00:46]} Rc8 {[%clk 00:01:21]} {[%emt 00:00:29]} 36. h3
{[%clk 00:01:59]} {[%emt 00:07:37]} Rcc1 {[%clk 00:01:13]} {[%emt 00:00:39]}
37. Qg8 {[%clk 00:01:32]} {[%emt 00:00:58]} Rxf1+ {[%clk 00:01:26]} {[%emt
00:00:16]} 38. Kh2 {[%clk 00:01:53]} {[%emt 00:00:08]} Rh1+ {[%clk 00:00:44]}
{[%emt 00:01:13]} 39. Kg3 {[%clk 00:02:17]} {[%emt 00:00:07]} e4 {[%clk
00:00:41]} {[%emt 00:00:32]} 40. Qxg7+ {[%clk 00:02:35]} {[%emt 00:00:12]} Ke6
{[%clk 00:00:50]} {[%emt 00:00:22]} 41. Rf4 {[%clk 00:28:47]} {[%emt 00:04:16]}
Rc3+ {[%clk 00:20:32]} {[%emt 00:10:49]} 42. f3 {[%clk 00:21:43]} {[%emt
00:07:34]} Rxf3+ {[%clk 00:18:26]} {[%emt 00:02:37]} 43. Rxf3 {[%clk 00:21:51]}
{[%emt 00:00:21]} exf3 {[%clk 00:18:45]} {[%emt 00:00:11]} 44. Qg8+ {[%clk
00:22:10]} {[%emt 00:00:11]} Ke5 {[%clk 00:18:28]} {[%emt 00:00:48]} 45. Qe8+
{[%clk 00:21:39]} {[%emt 00:01:00]} Kd6 {[%clk 00:16:32]} {[%emt 00:02:27]} 46.
Qf8+ {[%clk 00:20:58]} {[%emt 00:01:10]} Kd5 {[%clk 00:15:11]} {[%emt
00:01:51]} 47. Qf7+ {[%clk 00:20:38]} {[%emt 00:00:50]} Kc5 {[%clk 00:14:20]}
{[%emt 00:01:21]} 48. Qc7+ {[%clk 00:20:05]} {[%emt 00:01:03]} Kb4 {[%clk
00:14:30]} {[%emt 00:00:20]} 49. b6 {[%clk 00:17:47]} {[%emt 00:02:49]} fxg2
{[%clk 00:12:11]} {[%emt 00:02:49]} 50. Qe7+ {[%clk 00:16:06]} {[%emt
00:02:10]} Kxa4 {[%clk 00:12:22]} {[%emt 00:00:20]} 51. Qe8+ {[%clk 00:15:59]}
{[%emt 00:00:37]} Ka5 {[%clk 00:11:56]} {[%emt 00:00:57]} 52. Qa8+ {[%clk
00:16:01]} {[%emt 00:00:28]} Kxb6 {[%clk 00:12:15]} {[%emt 00:00:11]} 53. Qb8+
{[%clk 00:16:16]} {[%emt 00:00:15]} Kc5 {[%clk 00:12:30]} {[%emt 00:00:15]} 54.
Qa7+ {[%clk 00:15:23]} {[%emt 00:01:22]} Kc4 {[%clk 00:12:05]} {[%emt
00:00:55]} 55. Qa4+ {[%clk 00:14:15]} {[%emt 00:01:38]} Kd3 {[%clk 00:11:54]}
{[%emt 00:00:42]} 56. Qb5+ {[%clk 00:11:48]} {[%emt 00:02:57]} Ke3 {[%clk
00:11:39]} {[%emt 00:00:45]} 57. Qb3+ {[%clk 00:08:29]} {[%emt 00:03:49]} Qd3
{[%clk 00:12:00]} {[%emt 00:00:09]} 58. Qe6+ {[%clk 00:07:55]} {[%emt
00:01:03]} Kd4+ {[%clk 00:12:10]} {[%emt 00:00:21]} 59. Kf4 {[%clk 00:05:51]}
{[%emt 00:02:33]} Rf1 {[%clk 00:12:23]} {[%emt 00:00:19]} 0-1

[Event "Deutsche Ländermeisterschaft 2023"]
[Site "Hannover GER"]
[Date "2023.10.01"]
[Round "1"]
[White "Mader, Theresa"]
[Black "Fettan, Nua"]
[Result "0-1"]
[Termination "normal"]
[Board "3.8"]
[WhiteElo "1284"]
[BlackElo "1248"]
[WhiteClock "00:14:35"]
[BlackClock "00:41:54"]
[WhiteTeam "Rheinland-Pfalz"]
[BlackTeam "Hamburg"]
[PlyCount "78"]
[WhiteFideId "34605657"]
[BlackFideId "34637362"]
[EventCountry "GER"]
[EventRounds "7"]
[EventType "team-swiss"]
[EventDate "2023.09.30"]

1. d4 {[%clk 01:30:58]} d5 {[%clk 01:30:59]} {[%emt 00:00:02]} 2. c4 {[%clk
01:31:23]} {[%emt 00:00:06]} c6 {[%clk 01:31:21]} {[%emt 00:00:08]} 3. Nc3
{[%clk 01:31:42]} {[%emt 00:00:11]} e6 {[%clk 01:31:43]} {[%emt 00:00:07]} 4.
e4 {[%clk 01:31:58]} {[%emt 00:00:14]} dxe4 {[%clk 01:30:26]} {[%emt 00:01:46]}
5. Nxe4 {[%clk 01:32:19]} {[%emt 00:00:09]} Nf6 {[%clk 01:30:07]} {[%emt
00:00:49]} 6. Nc3 {[%clk 01:32:04]} {[%emt 00:00:46]} b6 {[%clk 01:28:49]}
{[%emt 00:01:49]} 7. Nf3 {[%clk 01:31:33]} {[%emt 00:01:00]} Bb7 {[%clk
01:27:20]} {[%emt 00:02:00]} 8. Bf4 {[%clk 01:29:49]} {[%emt 00:02:13]} Bd6
{[%clk 01:25:01]} {[%emt 00:02:48]} 9. Bxd6 {[%clk 01:27:06]} {[%emt 00:03:14]}
Qxd6 {[%clk 01:25:13]} {[%emt 00:00:17]} 10. Bd3 {[%clk 01:26:24]} {[%emt
00:01:13]} O-O {[%clk 01:23:11]} {[%emt 00:02:32]} 11. O-O {[%clk 01:25:32]}
{[%emt 00:01:22]} Nbd7 {[%clk 01:19:54]} {[%emt 00:03:47]} 12. Rc1 {[%clk
01:21:58]} {[%emt 00:04:03]} Rad8 {[%clk 01:18:30]} {[%emt 00:01:55]} 13. Qc2
{[%clk 01:17:26]} {[%emt 00:05:02]} a6 {[%clk 01:15:57]} {[%emt 00:03:03]} 14.
Rfd1 {[%clk 01:13:15]} {[%emt 00:04:40]} Qc7 {[%clk 01:11:33]} {[%emt
00:04:55]} 15. h3 {[%clk 01:07:41]} {[%emt 00:06:04]} c5 {[%clk 01:10:43]}
{[%emt 00:01:20]} 16. Be2 {[%clk 01:04:18]} {[%emt 00:03:53]} cxd4 {[%clk
01:06:06]} {[%emt 00:05:07]} 17. Nxd4 {[%clk 01:00:53]} {[%emt 00:03:55]} Ne5
{[%clk 01:03:49]} {[%emt 00:02:47]} 18. b3 {[%clk 00:55:52]} {[%emt 00:05:31]}
Nc6 {[%clk 01:02:08]} {[%emt 00:02:11]} 19. Nf3 {[%clk 00:51:57]} {[%emt
00:04:25]} Nb4 {[%clk 01:00:55]} {[%emt 00:01:43]} 20. Qb2 {[%clk 00:51:00]}
{[%emt 00:01:27]} Bxf3 {[%clk 01:00:28]} {[%emt 00:00:57]} 21. Bxf3 {[%clk
00:50:07]} {[%emt 00:01:22]} Nd3 {[%clk 00:59:58]} {[%emt 00:01:01]} 22. Qc2
{[%clk 00:44:36]} {[%emt 00:06:00]} Nxc1 {[%clk 00:59:59]} {[%emt 00:00:30]}
23. Rxc1 {[%clk 00:43:43]} {[%emt 00:01:22]} Rfe8 {[%clk 00:58:37]} {[%emt
00:01:52]} 24. Qb2 {[%clk 00:40:25]} {[%emt 00:03:49]} Qf4 {[%clk 00:56:05]}
{[%emt 00:03:02]} 25. Rc2 {[%clk 00:35:38]} {[%emt 00:05:18]} Rd6 {[%clk
00:53:17]} {[%emt 00:03:15]} 26. Nd1 {[%clk 00:32:05]} {[%emt 00:04:06]} Red8
{[%clk 00:52:13]} {[%emt 00:01:33]} 27. Ne3 {[%clk 00:31:55]} {[%emt 00:00:40]}
Qd4 {[%clk 00:50:58]} {[%emt 00:01:42]} 28. Qb1 {[%clk 00:30:46]} {[%emt
00:01:43]} Ne4 {[%clk 00:49:39]} {[%emt 00:01:48]} 29. Qc1 {[%clk 00:29:01]}
{[%emt 00:02:16]} f5 {[%clk 00:47:39]} {[%emt 00:02:31]} 30. Kh2 {[%clk
00:24:54]} {[%emt 00:04:36]} Qe5+ {[%clk 00:46:48]} {[%emt 00:01:19]} 31. Kg1
{[%clk 00:24:42]} {[%emt 00:00:44]} Rd2 {[%clk 00:46:46]} {[%emt 00:00:31]} 32.
Nf1 {[%clk 00:22:22]} {[%emt 00:02:50]} Rxc2 {[%clk 00:46:33]} {[%emt
00:00:44]} 33. Qxc2 {[%clk 00:22:43]} {[%emt 00:00:08]} Qf4 {[%clk 00:44:41]}
{[%emt 00:02:21]} 34. Be2 {[%clk 00:20:20]} {[%emt 00:02:54]} Qxf2+ {[%clk
00:44:30]} {[%emt 00:00:41]} 35. Kh2 {[%clk 00:19:23]} {[%emt 00:01:26]} Nd2
{[%clk 00:43:34]} {[%emt 00:01:16]} 36. Ng3 {[%clk 00:15:52]} {[%emt 00:04:11]}
f4 {[%clk 00:41:54]} {[%emt 00:02:10]} 37. Bd3 {[%clk 00:14:15]} {[%emt
00:02:07]} fxg3+ {[%clk 00:41:44]} {[%emt 00:00:40]} 38. Kh1 {[%clk 00:14:18]}
{[%emt 00:00:26]} Qe1+ {[%clk 00:41:54]} {[%emt 00:00:20]} 39. Bf1 {[%clk
00:14:35]} {[%emt 00:00:13]} Qxf1# {[%emt 00:00:17]} 0-1

[Event "Deutsche Ländermeisterschaft 2023"]
[Site "Hannover GER"]
[Date "2023.10.01"]
[Round "1"]
[White "Pubantz, Jan"]
[Black "Weishäutel, Moritz"]
[Result "1-0"]
[Termination "normal"]
[Board "4.1"]
[BlackTitle "FM"]
[WhiteElo "2299"]
[BlackElo "2403"]
[WhiteClock "00:20:48"]
[BlackClock "00:31:46"]
[WhiteTeam "Niedersachsen"]
[BlackTeam "Thüringen"]
[PlyCount "99"]
[WhiteFideId "12996114"]
[BlackFideId "12967300"]
[EventCountry "GER"]
[EventRounds "7"]
[EventType "team-swiss"]
[EventDate "2023.09.30"]

1. d4 {[%clk 01:30:57]} {[%emt 00:00:02]} d5 {[%clk 01:30:56]} {[%emt
00:00:05]} 2. c4 {[%clk 01:31:24]} {[%emt 00:00:04]} e6 {[%clk 01:31:20]}
{[%emt 00:00:05]} 3. Nf3 {[%clk 01:31:46]} {[%emt 00:00:08]} c5 {[%clk
01:31:44]} {[%emt 00:00:06]} 4. cxd5 {[%clk 01:28:20]} {[%emt 00:03:56]} exd5
{[%clk 01:32:10]} {[%emt 00:00:04]} 5. g3 {[%clk 01:28:42]} {[%emt 00:00:09]}
Nf6 {[%clk 01:32:35]} {[%emt 00:00:05]} 6. Bg2 {[%clk 01:29:08]} {[%emt
00:00:04]} Nc6 {[%clk 01:33:00]} {[%emt 00:00:04]} 7. O-O {[%clk 01:29:11]}
{[%emt 00:00:27]} Be7 {[%clk 01:33:24]} {[%emt 00:00:05]} 8. dxc5 {[%clk
01:29:23]} {[%emt 00:00:19]} Bxc5 {[%clk 01:33:49]} {[%emt 00:00:05]} 9. a3
{[%clk 01:29:51]} {[%emt 00:00:02]} Ne4 {[%clk 01:34:12]} {[%emt 00:00:06]} 10.
Nfd2 {[%clk 01:26:09]} {[%emt 00:04:12]} O-O {[%clk 01:34:34]} {[%emt
00:00:08]} 11. Nxe4 {[%clk 01:24:14]} {[%emt 00:02:25]} dxe4 {[%clk 01:35:00]}
{[%emt 00:00:04]} 12. Qxd8 {[%clk 01:15:18]} {[%emt 00:09:26]} Rxd8 {[%clk
01:35:26]} {[%emt 00:00:05]} 13. Bxe4 {[%clk 01:14:57]} {[%emt 00:00:51]} Bg4
{[%clk 01:35:47]} {[%emt 00:00:08]} 14. e3 {[%clk 01:14:28]} {[%emt 00:01:00]}
Ne5 {[%clk 01:36:04]} {[%emt 00:00:13]} 15. Nd2 {[%clk 00:53:31]} {[%emt
00:21:27]} Rd7 {[%clk 01:18:34]} {[%emt 00:18:00]} 16. b4 {[%clk 00:46:54]}
{[%emt 00:07:07]} Bb6 {[%clk 01:14:10]} {[%emt 00:04:53]} 17. Bb2 {[%clk
00:39:59]} {[%emt 00:07:26]} Re8 {[%clk 01:02:52]} {[%emt 00:11:48]} 18. Bxe5
{[%clk 00:38:18]} {[%emt 00:02:12]} Rxe5 {[%clk 01:03:10]} {[%emt 00:00:12]}
19. Bf3 {[%clk 00:38:29]} {[%emt 00:00:19]} Be6 {[%clk 01:01:11]} {[%emt
00:02:29]} 20. Rfd1 {[%clk 00:37:28]} {[%emt 00:01:31]} Kf8 {[%clk 00:58:48]}
{[%emt 00:02:53]} 21. Rac1 {[%clk 00:35:36]} {[%emt 00:02:22]} Ke7 {[%clk
00:50:58]} {[%emt 00:08:19]} 22. Nb1 {[%clk 00:26:07]} {[%emt 00:09:59]} a5
{[%clk 00:41:14]} {[%emt 00:10:13]} 23. Nc3 {[%clk 00:24:53]} {[%emt 00:01:44]}
axb4 {[%clk 00:40:20]} {[%emt 00:01:24]} 24. axb4 {[%clk 00:25:09]} {[%emt
00:00:15]} Rc7 {[%clk 00:36:45]} {[%emt 00:04:05]} 25. Na4 {[%clk 00:14:40]}
{[%emt 00:10:59]} Rxc1 {[%clk 00:36:51]} {[%emt 00:00:24]} 26. Rxc1 {[%clk
00:15:06]} {[%emt 00:00:04]} Bd8 {[%clk 00:33:49]} {[%emt 00:03:32]} 27. Nc5
{[%clk 00:14:56]} {[%emt 00:00:40]} b6 {[%clk 00:33:33]} {[%emt 00:00:46]} 28.
Nd3 {[%clk 00:14:10]} {[%emt 00:01:15]} Rb5 {[%clk 00:32:01]} {[%emt 00:02:01]}
29. Bc6 {[%clk 00:13:40]} {[%emt 00:01:01]} Rh5 {[%clk 00:32:01]} {[%emt
00:00:30]} 30. Nf4 {[%clk 00:09:26]} {[%emt 00:04:44]} Rh6 {[%clk 00:32:21]}
{[%emt 00:00:10]} 31. Bd5 {[%clk 00:04:38]} {[%emt 00:05:17]} Bd7 {[%clk
00:25:01]} {[%emt 00:07:50]} 32. e4 {[%clk 00:05:07]} {[%emt 00:00:02]} b5
{[%clk 00:22:54]} {[%emt 00:02:37]} 33. Nd3 {[%clk 00:04:26]} {[%emt 00:01:10]}
Ra6 {[%clk 00:22:12]} {[%emt 00:01:12]} 34. Nc5 {[%clk 00:04:09]} {[%emt
00:00:48]} Ra3 {[%clk 00:19:32]} {[%emt 00:03:09]} 35. Nxd7 {[%clk 00:04:10]}
{[%emt 00:00:29]} Kxd7 {[%clk 00:19:57]} {[%emt 00:00:05]} 36. Rc5 {[%clk
00:03:35]} {[%emt 00:01:05]} Bb6 {[%clk 00:16:04]} {[%emt 00:04:22]} 37. Rxb5
{[%clk 00:03:55]} {[%emt 00:00:10]} Kc7 {[%clk 00:16:31]} {[%emt 00:00:03]} 38.
Kg2 {[%clk 00:04:02]} {[%emt 00:00:24]} f6 {[%clk 00:16:29]} {[%emt 00:00:32]}
39. Bg8 {[%clk 00:03:31]} {[%emt 00:01:00]} h6 {[%clk 00:15:56]} {[%emt
00:01:04]} 40. e5 {[%clk 00:00:42]} {[%emt 00:03:19]} fxe5 {[%clk 00:12:11]}
{[%emt 00:04:15]} 41. Rxe5 {[%clk 00:30:20]} {[%emt 00:00:52]} Bd4 {[%clk
00:40:45]} {[%emt 00:01:56]} 42. Rf5 {[%clk 00:27:25]} {[%emt 00:03:25]} Ra4
{[%clk 00:39:31]} {[%emt 00:01:44]} 43. b5 {[%clk 00:26:29]} {[%emt 00:01:26]}
Rb4 {[%clk 00:39:27]} {[%emt 00:00:35]} 44. Bf7 {[%clk 00:26:14]} {[%emt
00:00:44]} Rb2 {[%clk 00:37:45]} {[%emt 00:02:12]} 45. Be8 {[%clk 00:26:20]}
{[%emt 00:00:25]} Kd6 {[%clk 00:36:01]} {[%emt 00:02:13]} 46. Bc6 {[%clk
00:22:59]} {[%emt 00:03:52]} Ke6 {[%clk 00:36:18]} {[%emt 00:00:12]} 47. Rf4
{[%clk 00:23:12]} {[%emt 00:00:18]} Bc5 {[%clk 00:36:30]} {[%emt 00:00:18]} 48.
h4 {[%clk 00:21:45]} {[%emt 00:01:58]} g5 {[%clk 00:31:21]} {[%emt 00:05:40]}
49. hxg5 {[%clk 00:20:32]} {[%emt 00:01:49]} hxg5 {[%clk 00:31:46]} {[%emt
00:00:15]} 50. Rf3 {[%clk 00:20:48]} {[%emt 00:00:15]} *

[Event "Deutsche Ländermeisterschaft 2023"]
[Site "Hannover GER"]
[Date "2023.10.01"]
[Round "1"]
[White "Müller, Magnus"]
[Black "Knüdel, Torben"]
[Result "1/2-1/2"]
[Termination "normal"]
[Board "4.2"]
[WhiteElo "2180"]
[BlackElo "2275"]
[WhiteClock "00:28:30"]
[BlackClock "00:21:16"]
[WhiteTeam "Thüringen"]
[BlackTeam "Niedersachsen"]
[PlyCount "90"]
[WhiteFideId "16230060"]
[BlackFideId "16208820"]
[EventCountry "GER"]
[EventRounds "7"]
[EventType "team-swiss"]
[EventDate "2023.09.30"]

1. d4 {[%clk 01:30:56]} {[%emt 00:00:02]} Nf6 {[%clk 01:30:54]} {[%emt
00:00:07]} 2. Nf3 {[%clk 01:31:00]} {[%emt 00:00:25]} d5 {[%clk 01:30:34]}
{[%emt 00:00:49]} 3. c4 {[%clk 01:31:06]} {[%emt 00:00:22]} e6 {[%clk
01:30:59]} {[%emt 00:00:07]} 4. g3 {[%clk 01:31:32]} {[%emt 00:00:05]} dxc4
{[%clk 01:27:22]} {[%emt 00:04:07]} 5. Bg2 {[%clk 01:31:56]} {[%emt 00:00:05]}
c6 {[%clk 01:27:35]} {[%emt 00:00:18]} 6. Ne5 {[%clk 01:32:17]} {[%emt
00:00:09]} Bb4+ {[%clk 01:27:49]} {[%emt 00:00:15]} 7. Nc3 {[%clk 01:32:43]}
{[%emt 00:00:05]} O-O {[%clk 01:20:49]} {[%emt 00:07:30]} 8. O-O {[%clk
01:26:17]} {[%emt 00:06:55]} Nd5 {[%clk 01:06:24]} {[%emt 00:14:56]} 9. Qc2
{[%clk 01:16:23]} {[%emt 00:10:24]} b5 {[%clk 00:49:14]} {[%emt 00:17:41]} 10.
e4 {[%clk 01:05:12]} {[%emt 00:11:41]} Ne7 {[%clk 00:48:29]} {[%emt 00:01:15]}
11. Rd1 {[%clk 00:54:48]} {[%emt 00:10:49]} Nd7 {[%clk 00:40:12]} {[%emt
00:08:52]} 12. Ng4 {[%clk 00:48:02]} {[%emt 00:07:15]} Qe8 {[%clk 00:26:54]}
{[%emt 00:13:49]} 13. d5 {[%clk 00:36:43]} {[%emt 00:11:49]} Bxc3 {[%clk
00:17:29]} {[%emt 00:09:54]} 14. Qxc3 {[%clk 00:36:52]} {[%emt 00:00:20]} exd5
{[%clk 00:15:12]} {[%emt 00:02:48]} 15. exd5 {[%clk 00:34:00]} {[%emt
00:03:22]} Nxd5 {[%clk 00:13:52]} {[%emt 00:01:51]} 16. Rxd5 {[%clk 00:33:45]}
{[%emt 00:00:45]} cxd5 {[%clk 00:12:13]} {[%emt 00:02:08]} 17. Bxd5 {[%clk
00:32:58]} {[%emt 00:01:17]} b4 {[%clk 00:09:27]} {[%emt 00:03:17]} 18. Qd4
{[%clk 00:29:55]} {[%emt 00:03:32]} h5 {[%clk 00:05:04]} {[%emt 00:04:54]} 19.
Bh6 {[%clk 00:17:40]} {[%emt 00:12:44]} gxh6 {[%clk 00:05:16]} {[%emt
00:00:18]} 20. Nxh6+ {[%clk 00:18:08]} {[%emt 00:00:02]} Kh7 {[%clk 00:05:40]}
{[%emt 00:00:06]} 21. Be4+ {[%clk 00:18:16]} {[%emt 00:00:22]} f5 {[%clk
00:05:37]} {[%emt 00:00:34]} 22. Nxf5 {[%clk 00:18:41]} {[%emt 00:00:05]} Qe5
{[%clk 00:04:12]} {[%emt 00:01:55]} 23. Ne3+ {[%clk 00:15:27]} {[%emt
00:03:44]} Kg7 {[%clk 00:03:43]} {[%emt 00:01:00]} 24. Qxe5+ {[%clk 00:15:45]}
{[%emt 00:00:11]} Nxe5 {[%clk 00:04:12]} {[%emt 00:00:01]} 25. Bxa8 {[%clk
00:16:14]} {[%emt 00:00:02]} Nd3 {[%clk 00:02:42]} {[%emt 00:02:00]} 26. Nxc4
{[%clk 00:14:32]} {[%emt 00:02:12]} Be6 {[%clk 00:02:07]} {[%emt 00:01:05]} 27.
b3 {[%clk 00:06:21]} {[%emt 00:08:40]} Bxc4 {[%clk 00:01:53]} {[%emt 00:00:44]}
28. bxc4 {[%clk 00:06:42]} {[%emt 00:00:09]} Rxa8 {[%clk 00:02:19]} {[%emt
00:00:04]} 29. Rd1 {[%clk 00:07:01]} {[%emt 00:00:11]} Ne5 {[%clk 00:02:07]}
{[%emt 00:00:43]} 30. Rd5 {[%clk 00:07:02]} {[%emt 00:00:28]} Kf6 {[%clk
00:01:34]} {[%emt 00:01:03]} 31. c5 {[%clk 00:07:07]} {[%emt 00:00:25]} a5
{[%clk 00:01:24]} {[%emt 00:00:41]} 32. f4 {[%clk 00:07:25]} {[%emt 00:00:11]}
Nf7 {[%clk 00:01:05]} {[%emt 00:00:50]} 33. c6 {[%clk 00:07:34]} {[%emt
00:00:21]} a4 {[%clk 00:01:13]} {[%emt 00:00:22]} 34. c7 {[%clk 00:07:39]}
{[%emt 00:00:25]} b3 {[%clk 00:01:19]} {[%emt 00:00:24]} 35. axb3 {[%clk
00:08:05]} {[%emt 00:00:04]} axb3 {[%clk 00:00:51]} {[%emt 00:00:58]} 36. Rb5
{[%clk 00:08:12]} {[%emt 00:00:22]} Rc8 {[%clk 00:01:11]} {[%emt 00:00:10]} 37.
Rxb3 {[%clk 00:08:08]} {[%emt 00:00:34]} Rxc7 {[%clk 00:01:36]} {[%emt
00:00:05]} 38. h3 {[%clk 00:07:16]} {[%emt 00:01:22]} Nd6 {[%clk 00:01:09]}
{[%emt 00:00:58]} 39. g4 {[%clk 00:06:27]} {[%emt 00:01:19]} h4 {[%clk
00:01:14]} {[%emt 00:00:26]} 40. Re3 {[%clk 00:06:00]} {[%emt 00:00:56]} Rc2
{[%clk 00:01:06]} {[%emt 00:00:37]} 41. Re5 {[%clk 00:03:24]} {[%emt 00:03:07]}
Rc3 {[%clk 00:26:36]} {[%emt 00:05:00]} 42. Kg2 {[%clk 00:29:28]} {[%emt
00:04:25]} Nc4 {[%clk 00:26:11]} {[%emt 00:00:57]} 43. Rh5 {[%clk 00:29:03]}
{[%emt 00:00:53]} Rc2+ {[%clk 00:24:35]} {[%emt 00:02:07]} 44. Kf3 {[%clk
00:28:33]} {[%emt 00:00:59]} Rc3+ {[%clk 00:22:56]} {[%emt 00:02:11]} 45. Kg2
{[%clk 00:28:30]} {[%emt 00:00:31]} Ne3+ {[%clk 00:21:16]} {[%emt 00:02:10]} *